| 000 | 00536nam a22001697a 4500 | ||
|---|---|---|---|
| 003 | BD-ChCU | ||
| 005 | 20260426114032.0 | ||
| 008 | 260426b bg ||||| |||| 00| 0 ben d | ||
| 040 | _cBD-ChCU | ||
| 082 | _a550 TIG | ||
| 245 |
_aGeology of the porphyry copper deposits : _bSouthwestern North America. _cTitley, Spencer R. and Hicks, Carol L. |
||
| 260 |
_aTucson. _bUniv. of Arizona Press. _c1966 |
||
| 300 | _axvi, 287p | ||
| 650 | 0 |
_aGeology. _921922 |
|
| 700 |
_aTitley, Spencer R. and Hicks, Carol L. _921920 |
||
| 942 |
_2ddc _cBK _n0 |
||
| 999 |
_c112432 _d112432 |
||